|
|
|
|
| LEADER |
00000nam0a2200000 4500 |
| 001 |
105947 |
| 005 |
20231031114720.0 |
| 020 |
|
|
|a RU
|b 85-64990
|
| 035 |
|
|
|a (RuTPU)RU\TPU\book\114320
|
| 090 |
|
|
|a 105947
|
| 100 |
|
|
|a 20061129d1984 km y0rusy5003 ca
|
| 101 |
0 |
|
|a rus
|
| 102 |
|
|
|a RU
|
| 105 |
|
|
|a a z 000zy
|
| 200 |
1 |
|
|a Рудная специализация осадочных формаций Сибири
|e сборник научных трудов
|f Институт геологии и геофизики.; под ред. Ю. П. Казанского
|
| 210 |
|
|
|a Новосибирск
|c ИГИГ
|d 1984
|
| 215 |
|
|
|a 136 с.
|
| 320 |
|
|
|a Библиогр. в конце ст.
|
| 610 |
1 |
|
|a геологические формации осадочные
|
| 610 |
1 |
|
|a рудообразование
|
| 610 |
1 |
|
|a Сибирь
|
| 610 |
1 |
|
|a Сибирская платформа
|
| 610 |
1 |
|
|a металлоносность
|
| 610 |
1 |
|
|a осадочные породы
|
| 675 |
|
|
|a 553.068
|z rus
|
| 702 |
|
1 |
|a Казанский
|b Ю. П.
|g Юрий Петрович
|4 340
|
| 712 |
0 |
2 |
|a Академия наук СССР
|b Сибирское отделение
|b Институт геологии и геофизики
|2 stltpush
|3 (RuTPU)RU\TPU\col\128
|
| 801 |
|
0 |
|a RU
|b RuMRKP
|c 19950704
|g psbo
|
| 801 |
|
1 |
|a RU
|b 63413507
|c 20061129
|g PSBO
|
| 801 |
|
2 |
|a RU
|b 63413507
|c 20190120
|g PSBO
|
| 942 |
|
|
|c BK
|